000 00812nam a2200265 i 4500
001 bg
100 1 _aSZPONAR, Adolf
_d(1936- )
245 1 0 _aFizjografia urbanistyczna /
_cAdolf Szponar.
260 _aWarszawa :
_bWydaw. Naukowe PWN,
_c2003.
300 _a258, [1] s. :
_bil., mapy ;
_c24 cm.
504 _aBibliogr. przy rozdz.
650 9 _aFizjografia
_xa urbanistyka
650 9 _aFizjografia
_xa urbanizacja
650 9 _aUrbanistyka
650 9 _aUrbanizacja
655 _aPodręczniki akademickie
020 _a8301140348
040 _cBPK
041 0 _apol
080 _a911.2:911.375:711.4/.8](075.8)
920 _a83-01-14034-8
942 _cKS
008 s pl f |000 0 pol
999 _c44630
_d44630
856 _uhttp://koha.tu.koszalin.pl/cgi-bin/koha/opac-detail.pl?biblionumber=44630
_yKatalog online BPK